000 00738nam a22001817a 4500
005 20251108164932.0
008 250721s1969 xx 000 0 ara d
082 1 4 _a964.03/حسي
100 1 _aوكاك، الحسين
_eحقق
245 1 0 _aأطوار الصراع مع الإستعمار في سيدي افني وايت بإعمران من عهد الحسن الأول رحمه الله إلى عهد الحسن الثاني نصره الله /
264 1 _aالدار البيضاء :
_bدار الطباعة الحديثة،
_c1969.
300 _a60ص : مص
650 1 7 _aتاريخ المغرب
650 1 7 _aالتاريخ السياسي
650 1 7 _aالإستعمار الفرنسي
942 _2ddc
_cBK
999 _c17851
_d17851